عرض عادي عرض مارك
  • عضيمة، محمد عبد الخالق

مدخل إسم شخص

عدد التسجيلات المستخدمة في: 1

001 - رقم الضبط

  • حقل الضبط: 5482

003 - معرف رقم الضبط

  • حقل الضبط: OSt

005 - تاريخ ووقت أخر عملية

  • حقل الضبط: 20111023214609.0

008 - عناصر بيانات ثابتة الطول

  • حقل تحكم ثابت الطول: 111023|||a|||||| | ||| d

040 ## - مصدر الفهرسة

  • هيئة الفهرسة الأصلية: OSt
  • وكالة الكتابة: OSt

100 ## - مدخل -- أسم شخص

  • إسم شخص: عضيمة، محمد عبد الخالق
  • مصطلح الرابط: محقق.\\

670 ## - بيانات المصدر موجوده

  • الاستشهاد بالمصدر: Work cat.: (OSt): المبرد، محمد بن يزيد بن عبد الأكبر، 210-286 هـ. 1886, المقتضب /, 19-؟